[Event "I Miedzynarodowy Memorial Ireny Warakomskiej - Open B"]
[Site "Suwalki"]
[Date "2017-08-12"]
[Round "2.1"]
[White "Kotlowski, Tomasz"]
[Black "Samborski, Henryk"]
[Result "1-0"]
[WhiteTitle ""]
[BlackTitle ""]
[WhiteElo "2005"]
[BlackElo "2096"]

1. c4 e5 2. Nc3 Nc6 3. g3 g6 4. Bg2 Bg7 5. d3 Nge7 6. h4 h6 7. Rb1 a5 8. e3 d6
9. a3 Be6 10. b4 axb4 11. axb4 Qd7 12. b5 Nd8 13. Nge2 O-O 14. Qb3 Kh7 15. h5
g5 16. Bb2 f5 17. f4 c6 18. Na4 Nc8 19. bxc6 bxc6 20. fxe5 Qa7 21. Ra1 Rb8 22.
Qa3 Rf7 23. Bd4 Qc7 24. exd6 Nxd6 25. Bxg7 Rxg7 26. Nc5 Bc8 27. O-O Qe7 28. e4
f4 29. gxf4 Bg4 30. f5 Nxf5 31. exf5 Bxe2 32. f6 Qe3+ 33. Rf2 g4 34. Be4+ Kg8
35. d4 Qxd4 36. fxg7 Rb2 37. Ne6 Nxe6 38. Qf8+ Nxf8 39. gxf8=Q# 1-0

[Event "I Miedzynarodowy Memorial Ireny Warakomskiej - Open B"]
[Site "Suwalki"]
[Date "2017-08-12"]
[Round "2.2"]
[White "Shpanko, Nadiia"]
[Black "Budnik, Mateusz"]
[Result "1-0"]
[WhiteTitle ""]
[BlackTitle ""]
[WhiteElo "2095"]
[BlackElo "1987"]

1. e4 c5 2. Nf3 e6 3. d3 Nf6 4. g3 d6 5. Bg2 Nc6 6. O-O Be7 7. c3 O-O 8. Re1 Rb8
9. d4 d5 10. e5 Nd7 11. h4 b5 12. Bf4 a5 13. Nbd2 b4 14. c4 Nb6 15. dxc5 Nxc4
16. Nxc4 dxc4 17. Ng5 Qc7 18. Qh5 Bxg5 19. Bxg5 Ne7 20. c6 Rb5 21. Bxe7 Qxe7 22.
Qe2 Rc5 23. Qe3 Rd8 24. Rad1 Rxd1 25. Rxd1 f6 26. exf6 gxf6 27. Rd8+ Qxd8 28.
Qxc5 Qd2 29. Qxc4 Qxb2 30. Qd3 Kg7 31. Qd8 Qc1+ 32. Kh2 Ba6 33. Qxa5 Bf1 34. Bxf1
Qxf1 35. Qc5 f5 36. c7 f4 37. c8=Q fxg3+ 38. Kxg3 Qg1+ 39. Kf4 Qh2+ 40. Ke3 Qh3+
41. Kd2 1-0

[Event "I Miedzynarodowy Memorial Ireny Warakomskiej - Open B"]
[Site "Suwalki"]
[Date "2017-08-12"]
[Round "2.3"]
[White "Ossolinski, Ziemowit "]
[Black "Janiszewski, Maciej"]
[Result "1/2-1/2"]
[WhiteTitle ""]
[BlackTitle ""]
[WhiteElo "1798"]
[BlackElo "2095"]

1. d4 d5 2. Nf3 e6 3. c4 c5 4. cxd5 exd5 5. Nc3 Nc6 6. Bf4 Nf6 7. e3 Bg4 8. Be2
Be7 9. O-O O-O 10. h3 Bh5 11. Rc1 c4 12. Ne5 Bxe2 13. Qxe2 Rc8 14. Rfd1 a6 15.
Qf3 b5 16. Nxc6 Rxc6 17. a3 Qd7 18. Be5 Rd8 19. Bxf6 Rxf6 20. Qe2 Rg6 21. Kh1
Re8 22. Qf3 Rg5 23. Rd2 Rf5 24. Qg4 h5 25. Qg3 Bd6 26. Qh4 Re6 27. Rcd1 Rg6 28.
f4 Be7 29. Qf2 Re6 30. Qf3 b4 31. axb4 Bxb4 32. g4 hxg4 33. hxg4 Bxc3 34. gxf5
Rh6+ 35. Rh2 Rxh2+ 36. Kxh2 Bxb2 37. f6 g6 38. Qe2 c3 39. Qxa6 Qd8 40. Qc6 Kf8
41. Re1 Qe8 42. Qxe8+ Kxe8 43. Re2 Kd7 44. Kg2 Ke6 45. Kf3 Kf5 46. Rc2 Ba1 47.
Rc1 Bb2 48. Rc2 Ba1 49. Rc1 1/2-1/2

[Event "I Miedzynarodowy Memorial Ireny Warakomskiej - Open B"]
[Site "Suwalki"]
[Date "2017-08-12"]
[Round "2.4"]
[White "Suder, Ryszard "]
[Black "Pytel, Maciej"]
[Result "1/2-1/2"]
[WhiteTitle ""]
[BlackTitle ""]
[WhiteElo "2082"]
[BlackElo "1967"]

1. Nf3 h6 2. d4 g5 3. e4 Bg7 4. Nc3 d6 5. Bc4 Nc6 6. d5 Nb8 7. Nd4 c5 8. Nf5 Bxf5
9. exf5 Nf6 10. O-O a6 11. a4 Nbd7 12. Qe2 O-O 13. Ne4 Nxe4 14. Qxe4 Rb8 15. Qe2
Nf6 16. a5 Qd7 17. g4 Nh7 18. Ra3 Bf6 19. Rb3 Kg7 20. Bd2 Rfe8 21. Qd3 Nf8 22.
f4 Nh7 23. Kg2 Rg8 24. Kh1 Qc7 25. Qe2 Rh8 26. Qe1 Rbg8 27. Bc3 Bxc3 28. Qxc3+
Nf6 29. Be2 Kf8 30. Qd2 Ke8 31. c4 Kd7 32. Ra3 Kc8 33. Qe3 gxf4 34. Qxf4 Rg5 35.
Raa1 Kb8 36. Rg1 Nd7 37. Rg3 f6 38. Qd2 Ne5 39. Qc3 Qd7 40. b4 Rc8 1/2-1/2

[Event "I Miedzynarodowy Memorial Ireny Warakomskiej - Open B"]
[Site "Suwalki"]
[Date "2017-08-12"]
[Round "2.5"]
[White "Choinska, Debora "]
[Black "Bogdanov, Ignat"]
[Result "1-0"]
[WhiteTitle ""]
[BlackTitle ""]
[WhiteElo "1600"]
[BlackElo "2078"]

1. e4 e6 2. d4 d5 3. Nd2 dxe4 4. Nxe4 Bd7 5. Nf3 Bc6 6. Bd3 Nd7 7. O-O Ngf6 8.
Ng3 Bd6 9. Re1 Bxf3 10. Qxf3 c6 11. Nf5 Bf8 12. Bf4 Qb6 13. Rab1 O-O-O 14. Ng3
Qxd4 15. Qxc6+ 1-0

[Event "I Miedzynarodowy Memorial Ireny Warakomskiej - Open B"]
[Site "Suwalki"]
[Date "2017-08-12"]
[Round "2.6"]
[White "Lisowski, Krzysztof"]
[Black "Norek, Bartosz "]
[Result "1-0"]
[WhiteTitle ""]
[BlackTitle ""]
[WhiteElo "2073"]
[BlackElo "1799"]

1. e4 c5 2. Nf3 d6 3. Bb5+ Nd7 4. d4 cxd4 5. Qxd4 Qc7 6. Nc3 Ngf6 7. Bg5 e6 8.
Bxf6 gxf6 9. Qxf6 Rg8 10. Ng5 Rg7 11. O-O a6 12. Bxd7+ Bxd7 13. Rfe1 h6 14. Nd5
Qc6 15. Nf3 Rg6 16. Qh4 e5 17. Re3 Be6 18. Nf6+ Kd8 19. Rc3 Be7 20. Rxc6 bxc6
21. h3 Bxf6 22. Qh5 Ke7 23. Nh4 Rg5 24. Qf3 Rag8 25. Rd1 R5g7 26. Nf5+ Bxf5 27.
exf5 d5 28. g3 e4 29. Qa3+ Kd7 30. Qxa6 Rg5 31. Qb7+ Kd6 32. Qxf7 Bxb2 33. Qe6+
Kc5 34. Qe7+ Kc4 35. Qb7 1-0

[Event "I Miedzynarodowy Memorial Ireny Warakomskiej - Open B"]
[Site "Suwalki"]
[Date "2017-08-12"]
[Round "2.7"]
[White "Murawko, Katarzyna "]
[Black "Rak, Tomasz"]
[Result "1-0"]
[WhiteTitle ""]
[BlackTitle ""]
[WhiteElo "1967"]
[BlackElo "2067"]

1. e4 c5 2. Nf3 Nc6 3. c4 g6 4. Nc3 Bg7 5. d3 e6 6. Be2 Nge7 7. O-O d5 8. cxd5
exd5 9. Bf4 O-O 10. Rc1 b6 11. b3 a6 12. Qc2 Ra7 13. Rfd1 h6 14. h4 Bg4 15. Nxd5
Nxd5 16. exd5 Bxf3 17. dxc6 Bxc6 18. d4 Bxd4 19. h5 Kh7 20. Be3 Rd7 21. Bg4 Rd6
22. Bf4 Qh4 23. Qe2 Re8 24. Be3 f5 25. Bf3 f4 26. Bxc6 Rxe3 27. fxe3 Bxe3+ 28.
Qxe3 Rxd1+ 29. Rxd1 fxe3 30. Rd7+ Kh8 31. hxg6 e2 32. Rh7+ Kg8 33. Bd5+ Kf8 34.
g7+ Ke7 35. g8=Q+ Kd6 36. Qe6# 1-0

[Event "I Miedzynarodowy Memorial Ireny Warakomskiej - Open B"]
[Site "Suwalki"]
[Date "2017-08-12"]
[Round "2.8"]
[White "Mammadov, Vafa "]
[Black "Lada, Michal "]
[Result "1-0"]
[WhiteTitle ""]
[BlackTitle ""]
[WhiteElo "2066"]
[BlackElo "1875"]

1. c4 c6 2. Nf3 d5 3. e3 Nf6 4. Nc3 Nbd7 5. d4 e6 6. Bd3 Be7 7. O-O O-O 8. b3 b6
9. Bb2 Qc7 10. Rc1 Bb7 11. cxd5 exd5 12. Nd2 Rad8 13. Ne2 Bd6 14. Ng3 Rfe8 15.
Re1 c5 16. f4 Qb8 17. Nf3 a6 18. Ne5 cxd4 19. exd4 Nf8 20. Nf5 Bb4 21. Rf1 Ng6
22. a3 Bf8 23. h4 Ne7 24. Ng3 Bc8 25. Qc2 Qd6 26. Qc7 Ng4 27. Qxd6 Rxd6 28. Nxg4
Bxg4 29. Bxa6 Nf5 30. Nxf5 Bxf5 31. Rfe1 Rb8 32. Bb5 Be4 33. Rc6 Rxc6 34. Bxc6
Rc8 35. Rc1 Be7 36. g3 Bf6 37. Kf2 h6 38. Ke3 g5 39. hxg5 hxg5 40. Bd7 Rxc1 41.
Bxc1 gxf4+ 42. gxf4 Bc2 43. b4 Kf8 44. Bc6 Bb3 45. a4 Bd8 46. Bd2 Ke7 47. a5 bxa5
48. bxa5 Kd6 49. Bb5 Bc4 50. Bb4+ Kc7 51. Bxc4 dxc4 52. d5 Bf6 53. Kd2 Kb7 54.
Bc3 Be7 55. Ke3 Ka6 56. Ke4 Kb5 57. Ke5 Bf8 58. f5 Bg7+ 59. f6 Bf8 60. a6 Kxa6
61. d6 Kb7 62. Kd5 Bh6 63. Be5 c3 64. Bxc3 Be3 65. Ba5 Bb6 66. Bxb6 Kxb6 67. d7
Kc7 68. d8=Q+ Kxd8 69. Kd6 Ke8 70. Kc7 Kf8 71. Kd8 Kg8 72. Ke8 1-0

[Event "I Miedzynarodowy Memorial Ireny Warakomskiej - Open B"]
[Site "Suwalki"]
[Date "2017-08-12"]
[Round "2.9"]
[White "Belczewski, Jacek"]
[Black "Grabowski, Adam"]
[Result "0-1"]
[WhiteTitle ""]
[BlackTitle ""]
[WhiteElo "1949"]
[BlackElo "2063"]

1. d4 Nf6 2. c4 e6 3. Nf3 d5 4. Nc3 c6 5. e3 Nbd7 6. Qc2 Be7 7. g4 h6 8. Rg1 g5
9. Bd2 dxc4 10. Bxc4 b5 11. Be2 Bb7 12. Rc1 a6 13. Ne4 Nxe4 14. Qxe4 Qb6 15. Ne5
Nxe5 16. Qxe5 O-O-O 17. Bf3 Rhg8 18. Qe4 Kb8 19. b4 Qc7 20. h3 Qd7 21. Qc2 Rc8
22. Ke2 f5 23. Bc3 Rgf8 24. Rcf1 Bd6 25. Qd3 Qe7 26. a3 Rcd8 27. Rd1 Rf7 28. gxf5
exf5 29. Rge1 g4 30. hxg4 fxg4 31. Bxg4 Qh4 32. Qg6 Rf6 33. Qg7 Bf8 34. Qg8 Rxf2+
35. Kd3 Bxb4 36. Qe6 Bxc3 37. Kxc3 h5 38. Qe5+ Ka8 39. Be2 c5 40. dxc5 Rxd1 41.
Rxd1 Rxe2 42. Qe6 Qc4+ 43. Qxc4 bxc4 44. Rd8+ Ka7 45. Rh8 Rxe3+ 46. Kxc4 Re4+
47. Kd3 h4 48. Rh7 Kb8 49. Rh6 Ra4 50. c6 Bc8 51. Kc2 Kc7 52. Kb3 Re4 53. Kc3
h3 54. Kd2 Rc4 0-1

[Event "I Miedzynarodowy Memorial Ireny Warakomskiej - Open B"]
[Site "Suwalki"]
[Date "2017-08-12"]
[Round "2.10"]
[White "Golek, Jagoda"]
[Black "Kaczmarska, Joanna "]
[Result "1/2-1/2"]
[WhiteTitle ""]
[BlackTitle ""]
[WhiteElo "2058"]
[BlackElo "1942"]

1. c4 Nf6 2. Nc3 d5 3. cxd5 Nxd5 4. g3 g6 5. Bg2 Nb6 6. d3 Bg7 7. Nf3 Nc6 8. O-O
O-O 9. Be3 e5 10. Rc1 h6 11. a4 Qe7 12. Nb5 Rd8 13. Nd2 a6 14. Bc5 Qd7 15. Nc3
Qe6 16. b4 Ne7 17. Bxe7 Qxe7 18. a5 Qxb4 19. axb6 c6 20. Qb3 Qe7 21. Na4 Be6 22.
Qc2 Bd5 23. e4 Be6 24. Nc5 Bg4 25. Rfe1 Bf8 26. h3 Qxc5 27. Qxc5 Bxc5 28. Rxc5
Rxd3 29. Nc4 Be6 30. Na5 Rb8 31. Bf1 Rd2 32. Rb1 f6 33. h4 Kf7 34. Nc4 Bxc4 35.
Rxc4 Rbd8 36. Rbc1 Ke7 37. R4c3 Rd1 38. Rxd1 Rxd1 39. Rc1 Rd4 40. Rb1 Ra4 41.
Bh3 Kd8 42. Rd1+ Rd4 43. Rxd4+ exd4 44. Kf1 a5 45. Ke2 a4 46. Kd3 a3 47. Be6 Ke7
48. Bc4 Kd6 49. Kxd4 c5+ 50. Kc3 Kc6 51. Kb3 Kxb6 52. Kxa3 Kc6 53. Ka4 Kd6 54.
Bd5 Ke5 55. Bxb7 c4 56. Kb4 Kd4 57. Bd5 c3 58. Bb3 Kxe4 59. Kxc3 Kf3 60. Bf7 Kxf2
61. Bxg6 Kxg3 62. h5 Kg4 63. Kd4 Kg5 64. Ke4 f5+ 65. Kf3 f4 66. Bf7 Kf6 67. Be8
Kg7 68. Kxf4 Kg8 69. Kf5 Kh7 70. Kf6 Kg8 71. Kg6 Kh8 72. Kxh6 Kg8 73. Bc6 Kh8
74. Kg6 Kg8 75. Bd5+ Kh8 76. Kf7 Kh7 77. Kf8 Kh8 1/2-1/2

[Event "I Miedzynarodowy Memorial Ireny Warakomskiej - Open B"]
[Site "Suwalki"]
[Date "2017-08-12"]
[Round "2.11"]
[White "Medvedyk, Volodymyr"]
[Black "Kaniak, Justyna"]
[Result "1-0"]
[WhiteTitle ""]
[BlackTitle ""]
[WhiteElo "2053"]
[BlackElo "1901"]

1. c4 e5 2. g3 Nc6 3. Nc3 g6 4. Bg2 Bg7 5. d3 d6 6. e4 f5 7. Nge2 Nf6 8. O-O O-O
9. Nd5 Nxd5 10. cxd5 Nd4 11. Nxd4 exd4 12. f4 Bd7 13. b4 a5 14. Qb3 axb4 15. Qxb4
Qb8 16. Bb2 Ra4 17. Qb3 Qa7 18. Rfc1 Qa5 19. Qxb7 Rb4 20. Qxc7 Qb5 21. Ba3 Rc8
22. Qxc8+ Bxc8 23. Rxc8+ Kf7 24. Bxb4 Qxb4 25. Rac1 Bf6 26. R8c7+ Be7 27. e5 g5
28. exd6 Qxd6 29. R1c6 Qb4 30. Re6 Qb1+ 31. Bf1 Qxa2 32. Rcxe7+ Kf8 33. d6 1-0

[Event "I Miedzynarodowy Memorial Ireny Warakomskiej - Open B"]
[Site "Suwalki"]
[Date "2017-08-12"]
[Round "2.12"]
[White "Szolc, Grzegorz"]
[Black "Szewczyk, Mariusz"]
[Result "0-1"]
[WhiteTitle ""]
[BlackTitle ""]
[WhiteElo "1945"]
[BlackElo "2053"]

1. d4 Nf6 2. Bf4 g6 3. Nc3 d6 4. e4 Bg7 5. Qd2 O-O 6. O-O-O c6 7. Bh6 b5 8. f3
Qa5 9. Kb1 b4 10. Nce2 e5 11. Nc1 Be6 12. Nge2 c5 13. d5 Bd7 14. Ng3 Rc8 15. Bxg7
Kxg7 16. Bc4 a6 17. h4 h5 18. Rdf1 Qd8 19. Qg5 Kh7 20. Nge2 Bb5 21. Bxb5 axb5
22. g4 Nbd7 23. Ng3 Nb6 24. gxh5 Nxh5 25. Nxh5 Qxg5 26. hxg5 gxh5 27. Rxh5+ Kg7
28. Rh6 Nc4 29. Rf2 Rh8 30. Rxh8 Rxh8 31. b3 Na3+ 32. Kb2 Rh1 33. c3 bxc3+ 34.
Kxa3 Rxc1 35. b4 c4 36. f4 exf4 37. g6 fxg6 38. e5 dxe5 39. d6 Rd1 40. Rh2 c2
0-1

[Event "I Miedzynarodowy Memorial Ireny Warakomskiej - Open B"]
[Site "Suwalki"]
[Date "2017-08-12"]
[Round "2.13"]
[White "Beczala, Pawel "]
[Black "Pawelec, Bartosz "]
[Result "1-0"]
[WhiteTitle ""]
[BlackTitle ""]
[WhiteElo "1789"]
[BlackElo "2050"]

1. e4 c6 2. c4 d5 3. exd5 cxd5 4. cxd5 Nf6 5. Qa4+ Nbd7 6. Nc3 g6 7. Bc4 Bg7 8.
Nf3 O-O 9. d3 Nc5 10. Qc2 b6 11. b4 Na6 12. b5 Nb4 13. Qb3 Nbxd5 14. Nxd5 Nxd5
15. Bxd5 Bxa1 16. Bh6 Rb8 17. Bxf8 Kxf8 18. Bxf7 e6 19. O-O Qf6 20. d4 Bxd4 21.
Nxd4 Kxf7 22. Qc4 Qf4 23. Qc6 Kf6 24. Qe8 Kg7 25. Qxc8 1-0

[Event "I Miedzynarodowy Memorial Ireny Warakomskiej - Open B"]
[Site "Suwalki"]
[Date "2017-08-12"]
[Round "2.14"]
[White "Ostrowski, Robert"]
[Black "Zianowicz, Dominik "]
[Result "0-1"]
[WhiteTitle ""]
[BlackTitle ""]
[WhiteElo "2050"]
[BlackElo "1843"]

1. e4 c6 2. Nc3 d5 3. Nf3 dxe4 4. Nxe4 Bg4 5. Bc4 e6 6. h3 Bxf3 7. Qxf3 Nd7 8.
d4 Ngf6 9. Nxf6+ Nxf6 10. Be3 Be7 11. O-O-O Qc7 12. Rhe1 Nd5 13. Bb3 O-O 14. c4
Nxe3 15. fxe3 a5 16. Bc2 b5 17. c5 a4 18. Be4 a3 19. b3 Rfc8 20. g4 Ra7 21. Rf1
Bf8 22. h4 Qa5 23. Kc2 Qc7 24. g5 e5 25. h5 g6 26. Rh1 exd4 27. exd4 Bg7 28. hxg6
hxg6 29. Rdf1 Qd7 30. Rd1 Rac7 31. Qd3 Qe8 32. Rhe1 Re7 33. Qf3 Re6 34. b4 Rd8
35. d5 cxd5 36. Bxd5 Rxd5 37. Rxe6 fxe6 38. Rxd5 exd5 39. Qxd5+ Kh8 40. Qh1+ Kg8
41. Qd5+ Qf7 42. Qa8+ Bf8 43. Qxa3 Qf2+ 44. Kd1 Qg1+ 45. Ke2 Qg2+ 46. Ke1 Qxg5
47. Qb3+ Kg7 48. a4 Qe5+ 49. Kd2 Qd4+ 50. Ke2 bxa4 51. Qxa4 Bxc5 52. Qc6 Qc4+
53. Kf3 Qf7+ 0-1

[Event "I Miedzynarodowy Memorial Ireny Warakomskiej - Open B"]
[Site "Suwalki"]
[Date "2017-08-12"]
[Round "2.15"]
[White "Kaczmarek, Arkadiusz "]
[Black "Sapeta, Robert "]
[Result "1-0"]
[WhiteTitle ""]
[BlackTitle ""]
[WhiteElo "1935"]
[BlackElo "2040"]

1. d4 c5 2. d5 e5 3. c4 d6 4. e4 Nf6 5. Nc3 Be7 6. Nf3 O-O 7. Be2 Ne8 8. O-O Nd7
9. Ne1 Bg5 10. Nd3 g6 11. a3 a6 12. Rb1 Bf6 13. b4 cxb4 14. axb4 a5 15. Be3 axb4
16. Rxb4 Nc7 17. c5 Na6 18. Ra4 dxc5 19. Nxc5 Bg5 20. Bxg5 Qxg5 21. Nxa6 bxa6
22. Ra5 Qd8 23. Qa1 Qb6 24. Rb1 Qd4 25. Ra4 Qd2 26. Rd1 Qg5 27. Qa3 Rb8 28. Bxa6
Nf6 29. d6 Bd7 30. Ra5 Qf4 31. Qc1 Qh4 32. f3 Be6 33. Rxe5 Nd7 34. Qg5 Qxg5 35.
Rxg5 Rb6 36. Bb5 Rd8 37. Na4 Rb7 38. Bc6 Rb4 39. Bxd7 Bxd7 40. Nc3 Kg7 41. Rc5
Rb2 42. e5 Rdb8 43. Rc7 Be6 44. Ne4 Re2 45. d7 Rbb2 46. d8=Q Rxg2+ 47. Kf1 Rxh2
48. Qf6+ Kh6 49. Qf4+ Kg7 50. Nd2 Rh5 51. Kg2 Rf5 52. Qd4 Ra2 53. Ra1 1-0

[Event "I Miedzynarodowy Memorial Ireny Warakomskiej - Open B"]
[Site "Suwalki"]
[Date "2017-08-12"]
[Round "2.16"]
[White "Betkowski, Andrzej "]
[Black "Rudzinska, Michalina "]
[Result "1-0"]
[WhiteTitle ""]
[BlackTitle ""]
[WhiteElo "2038"]
[BlackElo "1870"]

1. e4 c5 2. Nc3 e6 3. Nge2 a6 4. g3 b5 5. Bg2 Bb7 6. d4 cxd4 7. Nxd4 Qc7 8. O-O
Bc5 9. Nb3 Be7 10. Re1 d6 11. a4 b4 12. Na2 Nc6 13. Bd2 Bf6 14. Rb1 a5 15. c3
Ba6 16. Rc1 bxc3 17. Nxc3 Nge7 18. Nd5 Qd8 19. Nxe7 Nxe7 20. Bxa5 Qb8 21. Bc7
Qa7 22. Bxd6 Rc8 23. e5 Bg5 24. Rxc8+ Bxc8 25. Bc5 Qd7 26. f4 Bh6 27. Qd6 g6 28.
Qxe7+ Qxe7 29. Bxe7 Kxe7 30. Rc1 Rd8 31. Rc7+ Kf8 32. a5 Ba6 33. Bb7 Bxb7 34.
Rxb7 Ra8 35. Kf2 g5 36. Kf3 gxf4 37. gxf4 Kg7 38. Nd4 Rxa5 39. Nxe6+ Kg6 40. Nd4
Ra4 41. f5+ Kh5 42. Ke4 Bc1 43. b3 Ra2 44. Rxf7 h6 45. e6 Rxh2 46. e7 Rh1 47.
Ne6 1-0

[Event "I Miedzynarodowy Memorial Ireny Warakomskiej - Open B"]
[Site "Suwalki"]
[Date "2017-08-12"]
[Round "2.17"]
[White "Amrogowicz, Dominika "]
[Black "Kowalec, Maciej"]
[Result "0-1"]
[WhiteTitle ""]
[BlackTitle ""]
[WhiteElo "1926"]
[BlackElo "2038"]

1. e4 e6 2. d4 d5 3. Nd2 c5 4. c3 Nc6 5. Ne2 Qb6 6. Qb3 cxd4 7. Qxb6 axb6 8. Nxd4
Nxd4 9. cxd4 dxe4 10. Bb5+ Bd7 11. Bxd7+ Kxd7 12. Nc4 Ra6 13. Bf4 f6 14. O-O b5
15. Nd2 f5 16. f3 exf3 17. Nxf3 Bd6 18. Bxd6 Kxd6 19. Rfc1 Nf6 20. Rc5 b6 21.
Rxb5 Rc8 22. Ng5 h6 23. Nf7+ Ke7 24. Ne5 Nd5 25. Rb3 Ra4 26. Nf3 g5 27. Re1 g4
28. Ne5 Rxd4 29. Ra3 Rd2 30. Ra7+ Rc7 31. Rxc7+ Nxc7 32. Nc4 Rc2 33. b3 Nd5 34.
a4 h5 35. Ne3 Nxe3 36. Rxe3 Kf6 37. Rd3 Rb2 38. Re3 h4 39. h3 g3 40. Kf1 Rf2+
41. Kg1 Rb2 42. Kf1 Rb1+ 43. Ke2 Rg1 44. Kf3 Rf1+ 45. Ke2 Rf2+ 0-1

[Event "I Miedzynarodowy Memorial Ireny Warakomskiej - Open B"]
[Site "Suwalki"]
[Date "2017-08-12"]
[Round "2.18"]
[White "Krasiewicz, Robert "]
[Black "Szczygiel, Jakub "]
[Result "1/2-1/2"]
[WhiteTitle ""]
[BlackTitle ""]
[WhiteElo "2031"]
[BlackElo "1797"]

1. c4 Nf6 2. g3 g6 3. Bg2 Bg7 4. Nc3 c6 5. e4 d6 6. Nge2 e5 7. O-O O-O 8. d3 Ng4
9. h3 Nh6 10. Be3 f5 11. Qd2 Nf7 12. Rad1 Be6 13. b3 Nd7 14. exf5 gxf5 15. d4
Nf6 16. f4 e4 17. d5 cxd5 18. cxd5 Bd7 19. Nd4 Re8 20. Nc2 Nh5 21. Kh2 Qf6 22.
Bd4 Qg6 23. Qe1 Rac8 24. Na3 Bxd4 25. Rxd4 Qxg3+ 26. Qxg3+ Nxg3 27. Kxg3 Rxc3+
28. Kf2 Kf8 29. Rg1 Ke7 30. Rc4 Rxc4 31. Nxc4 b5 32. Ne3 Rg8 33. Rc1 Rc8 34. Rg1
Rg8 35. Rc1 Rc8 1/2-1/2

[Event "I Miedzynarodowy Memorial Ireny Warakomskiej - Open B"]
[Site "Suwalki"]
[Date "2017-08-12"]
[Round "2.19"]
[White "Fronczak, Sebastian"]
[Black "Migala, Andrzej"]
[Result "1/2-1/2"]
[WhiteTitle ""]
[BlackTitle ""]
[WhiteElo "1926"]
[BlackElo "2031"]

1. e4 c5 2. Nc3 Nc6 3. Bb5 d6 4. Bxc6+ bxc6 5. d3 e5 6. f4 exf4 7. Bxf4 Ne7 8.
Nf3 Ng6 9. Bg3 Be7 10. O-O Bf6 11. e5 dxe5 12. Ne4 O-O 13. Nxf6+ gxf6 14. Nh4
Qd4+ 15. Bf2 Qg4 16. Qxg4 Bxg4 17. Nxg6 fxg6 18. Bxc5 Rf7 1/2-1/2

[Event "I Miedzynarodowy Memorial Ireny Warakomskiej - Open B"]
[Site "Suwalki"]
[Date "2017-08-12"]
[Round "2.20"]
[White "Kalmuk, Krzysztof"]
[Black "Hasinski, Krystian "]
[Result "1/2-1/2"]
[WhiteTitle ""]
[BlackTitle ""]
[WhiteElo "2030"]
[BlackElo "1904"]

1. Nf3 Nf6 2. c4 g6 3. Nc3 Bg7 4. g3 c5 5. Bg2 Nc6 6. O-O d5 7. d4 dxc4 8. d5 Nb4
9. e4 Bd7 10. Qe2 b5 11. a4 a6 12. Ne5 O-O 13. axb5 Bxb5 14. Nxc4 Nd7 15. Nxb5
axb5 16. Rxa8 Qxa8 17. Na3 Rb8 18. Nc2 Qa4 19. Nxb4 Qxb4 20. Bf4 Ne5 21. Qc2 Ra8
22. b3 c4 23. bxc4 Nxc4 24. Rb1 Ra1 25. Rxa1 Bxa1 26. Bf1 h5 27. h4 Bd4 28. Kg2
Kg7 29. Bd3 Qe1 30. Qe2 Qc3 31. Qf1 Qb2 32. Qe2 Qc3 33. Bg5 f6 34. Bf4 Qb4 35.
Qf1 Qb2 36. Qe2 Qc3 37. Kh2 Qb4 38. Kg2 Qc5 39. Qf1 Qb4 40. Qe2 Qc5 41. Qc2 1/2-1/2

[Event "I Miedzynarodowy Memorial Ireny Warakomskiej - Open B"]
[Site "Suwalki"]
[Date "2017-08-12"]
[Round "2.21"]
[White "Wacior, Maciej "]
[Black "Hrymowicz, Artur "]
[Result "0-1"]
[WhiteTitle ""]
[BlackTitle ""]
[WhiteElo "1912"]
[BlackElo "2015"]

1. d4 Nf6 2. Nf3 b6 3. Bf4 Bb7 4. e3 g6 5. h3 Bg7 6. Nbd2 d6 7. c3 Nbd7 8. Bc4
O-O 9. O-O e6 10. a4 a5 11. Bh2 Qe7 12. Qc2 e5 13. Rfc1 e4 14. Ne1 Rac8 15. Bf1
c5 16. dxc5 bxc5 17. Nc4 Ne8 18. Na3 Ne5 19. Rd1 d5 20. Bb5 Nd6 21. Qd2 Rcd8 22.
Rab1 Nf5 23. Nec2 Qg5 24. Bxe5 Bxe5 25. Qe2 h5 26. Rd2 Nh4 27. Ne1 d4 28. cxd4
Nf3+ 29. Nxf3 exf3 30. Qf1 fxg2 31. Qe2 Qf5 32. e4 Bxe4 33. Re1 Qxh3 34. f3 Bh2+
0-1

[Event "I Miedzynarodowy Memorial Ireny Warakomskiej - Open B"]
[Site "Suwalki"]
[Date "2017-08-12"]
[Round "2.22"]
[White "Gawronski, Miroslaw"]
[Black "Pytel, Przemyslaw"]
[Result "1/2-1/2"]
[WhiteTitle ""]
[BlackTitle ""]
[WhiteElo "2014"]
[BlackElo "1815"]

1. d4 d5 2. Nf3 Nf6 3. Bf4 Bf5 4. e3 e6 5. c4 Bb4+ 6. Nc3 Ne4 7. Qb3 c5 8. cxd5
exd5 9. Bb5+ Nc6 10. O-O Bxc3 11. bxc3 O-O 12. Rfc1 c4 13. Qa4 Na5 14. Qa3 a6
15. Ba4 g5 16. Bg3 h5 17. h3 Nxg3 18. fxg3 f6 19. Rf1 Bd3 20. Rfe1 Qc7 21. Bd1
Rfe8 22. Kf2 Re7 23. Nd2 Bg6 24. Bf3 Rd8 25. Qb4 f5 26. Bd1 Rde8 27. Nf3 g4 28.
Nh4 Kg7 29. Bc2 Rf7 30. Rab1 Bh7 31. Qb6 Qxb6 32. Rxb6 Rc8 33. Rd6 Nc6 34. Rxd5
Ne7 35. Rd7 b5 36. a4 Rb8 37. axb5 axb5 38. Rb1 Ra8 39. Rb2 Ra3 40. Bb1 Rxc3 41.
Rxb5 Rb3 42. Rxb3 cxb3 43. Rb7 Nd5 44. Rxb3 Kf6 45. Rb5 Nc3 46. Rb6+ Kg5 47. Bc2
Rc7 48. Bd3 Ra7 49. Rc6 Nd5 50. Ra6 Re7 51. Ra5 Nxe3 52. Re5 Rxe5 53. dxe5 Nd5
54. Ke2 Nb4 55. e6 Nc6 56. Ke3 Kf6 57. Kf4 Ne7 58. Bc4 Bg8 59. Bb3 Bh7 60. Ke3
Ke5 61. Ba2 Bg8 62. Bb3 Bxe6 63. Bxe6 Kxe6 64. Kf4 Kf6 65. Nxf5 Nxf5 1/2-1/2

[Event "I Miedzynarodowy Memorial Ireny Warakomskiej - Open B"]
[Site "Suwalki"]
[Date "2017-08-12"]
[Round "2.25"]
[White "Karlov, Egor "]
[Black "Budzinski, Jan "]
[Result "0-1"]
[WhiteTitle ""]
[BlackTitle ""]
[WhiteElo "1724"]
[BlackElo "2012"]

1. d4 Nf6 2. c4 e5 3. dxe5 Ng4 4. e3 Nxe5 5. Nh3 d6 6. Nf4 Bf5 7. Nc3 Nbc6 8. Be2
h6 9. O-O Be7 10. e4 Bh7 11. Nfd5 O-O 12. Be3 Nd7 13. f4 Re8 14. Bd3 Bf6 15. a3
Bxc3 16. Nxc3 f5 17. Qf3 fxe4 18. Bxe4 Bxe4 19. Nxe4 Qe7 20. Nc3 Qxe3+ 21. Qxe3
Rxe3 22. Nd5 Re2 23. Nxc7 Rf8 24. Nb5 Rxb2 25. Nxd6 Nc5 26. g3 Rd8 27. Rad1 Rb3
28. Nb5 Rxd1 29. Rxd1 a6 30. Nd6 Rxa3 31. Rb1 Rb3 32. Re1 Rd3 33. Nf5 a5 34. Ra1
a4 35. Kf1 a3 36. Ke1 Nb4 37. Ke2 a2 38. Ne7+ Kf7 39. Nd5 Nxd5 40. cxd5 Ra3 41.
d6 Ke6 0-1

[Event "I Miedzynarodowy Memorial Ireny Warakomskiej - Open B"]
[Site "Suwalki"]
[Date "2017-08-12"]
[Round "2.26"]
[White "Janulek, Dawid "]
[Black "Lascar, Radoslawa"]
[Result "1-0"]
[WhiteTitle ""]
[BlackTitle ""]
[WhiteElo "2006"]
[BlackElo "1778"]

1. e4 c5 2. Nf3 Nc6 3. d4 cxd4 4. Nxd4 Nf6 5. Nc3 e5 6. Ndb5 d6 7. Bg5 a6 8. Na3
b5 9. Bxf6 gxf6 10. Nd5 Be6 11. c3 Bg7 12. Nc2 Ne7 13. Nce3 O-O 14. Be2 Ra7 15.
O-O Nxd5 16. exd5 Bd7 17. Bd3 f5 18. Bxf5 Qg5 19. Qd3 Kh8 20. Rfe1 Bh6 21. Bxd7
Rxd7 22. Qf5 Qxf5 23. Nxf5 Bg5 24. Rad1 Rg8 25. g4 Bf4 26. h3 h6 27. Kg2 Kh7 28.
Re4 Rc8 29. Rd3 Rc5 30. Kf3 Bc1 31. b3 Kg6 32. a4 Bb2 33. axb5 axb5 34. c4 b4
35. Re2 Bc1 36. Ra2 Ba3 37. Rc2 h5 38. Ng3 hxg4+ 39. hxg4 Rc8 40. Rd1 f6 41. Rh1
Rcc7 42. Ke4 Rh7 43. Rxh7 Rxh7 44. c5 dxc5 45. d6 Kf7 46. Kd5 Rh4 47. f3 Rh3 48.
Kc6 Rxg3 49. d7 Rxf3 50. d8=Q Rf4 51. Qd7+ Kg6 52. Rh2 1-0

[Event "I Miedzynarodowy Memorial Ireny Warakomskiej - Open B"]
[Site "Suwalki"]
[Date "2017-08-12"]
[Round "2.27"]
[White "Slezinski, Nikodem "]
[Black "Hagner, Pawel"]
[Result "1-0"]
[WhiteTitle ""]
[BlackTitle ""]
[WhiteElo "1995"]
[BlackElo "1709"]

1. e4 d6 2. Bc4 Nf6 3. d3 g6 4. Nc3 Bg7 5. f4 c5 6. Nf3 Nc6 7. O-O O-O 8. Qe1 e6
9. e5 dxe5 10. fxe5 Ng4 11. Bf4 Nd4 12. Qg3 Nxf3+ 13. gxf3 Qd4+ 14. Kh1 Nh6 15.
Bxh6 Bxh6 16. Ne4 Bg7 17. f4 b6 18. c3 Qd8 19. h4 Bb7 20. Kh2 Bxe4 21. dxe4 h5
22. Rf2 Qc7 23. Rg1 Qe7 24. Be2 f6 25. exf6 Qxf6 26. e5 Qe7 27. Bd3 Kh8 28. Kh3
g5 29. hxg5 Rad8 30. Bg6 Qd7 31. Qh4 Kg8 32. Qxh5 Bxe5 33. Bc2 Bxf4 34. Qg6+ Qg7
35. Qxe6+ Kh8 36. Rg4 Bxg5 37. Rh2 Qh6+ 38. Kg3 Bf4+ 39. Rxf4 Rg8+ 40. Kf3 Qxh2
41. Qf6+ 1-0